000
00240nam a2200097Ia 4500
008
230907s9999||||xx |||||||||||||| ||und||
082
_a
4.0286
_b
HAR
245
0
_a
Harnessing Green IT :
260
_a
UK:
_b
IEEE, John Wiley;
_c
2012
942
_c
BK
999
_c
596393
_d
596393